Most Populous Vermont Municipalities in 1940 - Statistics

General Stats
  • This quiz has been taken 2 times
  • The average score is 5 of 10
Answer Stats
Population County Status Municipality % Correct
27,686 Chittenden City Burlington
100%
8,006 Washington City Montpelier
100%
10,909 Washington City Barre
50%
11,257 __________ Town Bennington
50%
10,983 Windham Town Brattleboro
50%
17,082 _______ City Rutland
50%
9,095 Caledonia Town St. Johnsbury
50%
6,036 Chittenden City Winooski
50%
7,720 Windsor Town Springfield
0%
8,037 Franklin City St. Albans
0%
No matching quizzes found
Score Distribution
Percent of People with Each Score
Percentile by Number Answered
Your Score History
You have not taken this quiz